V sadech nežijí jen škůdci! (část V.) I. Afidofágní predátoři

Bibliographic Details
Main Author: Pultar, Oldřich (Author)
Format: Article
Language:Czech
PhysicalDescription:Fotogr.
ISSN:1336-7684
Subjects:

MARC

LEADER 00000nab a2200000 ar4500
001 vtls010129253
003 SK-MaSNL
005 20260304035016.0
008 100906c2010 xo |||||||||||000 b|cze
015 |a SNBRB2010/09  |2 snkbucl 
038 |a SNKBUCL 
040 |a SNKBUCL  |b slo  |c SNKBUCL  |e AACR2 
041 0 |a cze 
044 |a xo  |c SK 
080 |a 634:632.937.1  |2 1997 
080 |a 632.937.1  |2 1997 
080 |a 595.773.1  |2 1997 
100 1 |a Pultar, Oldřich  |4 aut  |9 1255706 
245 1 0 |a V sadech nežijí jen škůdci!  |n (část V.)  |p I. Afidofágní predátoři  |c Oldřich Pultar 
300 |b Fotogr. 
650 0 7 |a ovocné sady  |2 snkbucl  |9 69816 
650 0 7 |a škodcovia rastlín  |2 snkbucl  |9 4062 
650 0 7 |a biologická ochrana rastlín  |2 snkbucl  |9 224755 
650 0 7 |a predátori  |2 snkbucl  |9 55677 
650 0 7 |a vošky  |2 snkbucl 
650 0 7 |a užitočné organizmy  |2 snkbucl  |9 1318448 
650 0 7 |a pestricovité  |2 snkbucl  |9 107465 
773 0 |t Sady a vinice  |g Roč. V, č. 4 (2010), s. 17-19  |x 1336-7684 
852 |a SNK  |b KIS3GCP 
999 |c 2655871  |d 2657801